|
|
|
|
| LEADER |
00928nam a2200229 a 4500 |
| 001 |
11822219 |
| 008 |
990604s1997 ph ab b i000 0 eng d |
| 010 |
|
|
|a \\\98948080
|
| 020 |
|
|
|a 9712201023
|
| 040 |
|
|
|a DLC
|c DLC
|
| 082 |
0 |
4 |
|a 338
|2 21
|
| 245 |
0 |
0 |
|a Pest management of rice farmers in Asia /
|c edited by K.L. Heong and M.M. Escalada.
|
| 260 |
|
|
|a Philippines :
|b International Rice Research Institute,
|c 1997.
|
| 300 |
|
|
|a ix, 245 p. :
|b ill., maps ;
|c 23 cm.
|
| 504 |
|
|
|a Includes bibliographical references.
|
| 541 |
1 |
|
|e 00007281
|
| 650 |
|
0 |
|a Agriculture
|v Periodicals.
|
| 650 |
|
0 |
|a Agriculture
|x Experimentation
|v Periodicals.
|
| 700 |
1 |
|
|a Heong, K. L.
|q (Kong Luen)
|
| 852 |
4 |
|
|a Ayesha Abed Library
|j Generalshelf
|
| 999 |
|
|
|c 655
|d 655
|
| 952 |
|
|
|0 0
|1 0
|2 ddc
|4 0
|6 338_PES_199700000000000
|7 0
|9 603
|a BRACUL
|b BRACUL
|c GEN
|d 2009-05-13
|g 0.00
|l 0
|o 338 PES
|p 3010007281
|r 2009-05-13
|t 1
|w 2009-05-13
|y BK
|x No price found in the accession register.
|